000 00535nam a2200181Ia 4500
005 20250508163248.0
008 008 250505s9999 xx 000 0 eng d
037 _aDissertations
040 _aFEDL
_beng
_cFEDL
041 _aeng
_2eng
084 _a372.51, STU/DI
_qFEDL
245 0 _aStudy of creative expression in written english in some schools of Delhi
260 _c1983
300 _a91p.
546 _aM.Ed. Dissertation (Delhi University)
942 _cDIS
_h372.51, STU/DI
999 _c1381867
_d1381867